000 00592nam a2200193Ia 4500
003 GCL
008 140319s9999 xx 000 0 ara d
040 _aGCL /
_cGCL
082 0 4 _a621.2
_bح ت
100 1 _aحسن طالب يونس
245 1 0 _aتطبيقات الكمبيوتر فى الهيدروليكا /
_cحسن طالب يونس
260 _a[S.N] :
_bدار الراتب الجامعية ،
_c1986
300 _a266 ص
490 _a
650 0 4 _aالهيدروليكا
650 0 4 _aالهندسة الهيدروليكية
650 0 4 _aالسوائل
942 _2ddc
_cBK
999 _c36560
_d36560